Suomen jääkiekkomaajoukkueen päävalmentajat - Statistics

Yleistilastot
  • Tätä visaa on pelattu 605 kertaa
    159 viimeisimmän päivityksen jälkeen
  • Keskiarvotulos 10 / 29
Vastaustilastot
Vuosi Valmentaja Kansallisuus % Oikein
2018-2024 Jukka Jalonen Suomi
98%
2008-2013 Jukka Jalonen Suomi
98%
2014-2016 Kari Jalonen Suomi
94%
2024- Antti Pennanen Suomi
90%
1993-1997 Curt Lindström Ruotsi
71%
2016-2018 Lauri Marjamäki Suomi
71%
2013-2014 Erkka Westerlund Suomi
61%
2004-2007 Erkka Westerlund Suomi
61%
1998-2003 Hannu Aravirta Suomi
56%
2003-2004 Raimo Summanen Suomi
54%
2007-2008 Doug Shedden Kanada
52%
1987-1993 Pentti Matikainen Suomi
49%
1986-1987 Rauno Korpi Suomi
29%
1977-1982 Kalevi Numminen Suomi
28%
1973-1974 Kalevi Numminen Suomi
28%
1982-1986 Alpo Suhonen Suomi
27%
1954-1959 Aarne Honkavaara Suomi
13%
1966-1969 Gustav Bubník Tšekkoslovakia
10%
1974-1976 Seppo Liitsola Suomi
10%
1969-1972 Seppo Liitsola Suomi
10%
1961-1966 Joe Wirkkunen Kanada
6%
1959-1960 Joe Wirkkunen Kanada
6%
1976-1977 Lasse Heikkilä Suomi
6%
1960-1961 Derek Holmes Kanada
2%
1939-1941 Erkki Saarinen Suomi
2%
1972-1973 Len Lunde Kanada
2%
1946-1949 Henry Kvist Suomi
1%
1950-1954 Risto Lindroos Suomi
1%
1945-1946 Risto Lindroos Suomi
1%
Ehtoja vastaavia visoja ei löytynyt
Tulosjakauma
Jokaisen tuloksen saaneiden osuus
Persentiili vastausten määrän mukaan
Tuloshistoriasi
Et ole pelannut tätä visaa sen viimeisimmän päivityksen jälkeen